| 000 | 00577nam a22001817a 4500 | ||
|---|---|---|---|
| 005 | 20171016115910.0 | ||
| 010 | _aENG-120999 | ||
| 020 |
_a9788183822626 _c195.00 |
||
| 035 | _aEN-104531 | ||
| 037 | _bDBAD/PUB | ||
| 082 | _a651.3 | ||
| 100 | _aBhatia, R.C. | ||
| 245 |
_aPrinciplesmof office management / _cby R.C.Bhatia |
||
| 260 |
_aNew Delhi _bLotus Press _c2012 |
||
| 270 |
_aUnit No. 220, 2nd Floor, 4735/22, Prakash Deep Building, Ansari Road, Darya Ganj _bNew Delhi _e110002 |
||
| 300 |
_a270p. : _c22cm(pbk) _bill. |
||
| 942 |
_2ddc _cEN _h651.3 _mBHA |
||
| 999 |
_c146655 _d146655 |
||